Straßenbahnlinie 6 (Wien) - Statistiken

Allgemein
  • Dieses Quiz wurde 7 mal gespielt
  • Das Durchschnittsergebnis liegt bei 15 aus 18
Antwortstatistiken
Station % Korrekt
Arbeitergasse, Gürtel
100%
Eichenstraße
100%
Geiereckstraße
100%
Gumpendorfer Straße
100%
Margaretengürtel
100%
Matzleinsdorfer Platz
100%
Quellenplatz
100%
Reumannplatz
100%
Urban-Loritz-Platz
100%
Westbahnhof
100%
Bernhardtstalgasse
80%
Burggasse-Stadthalle
80%
Mariahilfer Gürtel
80%
Neilreichgasse
80%
Knöllgasse
60%
Absberggasse
40%
Gellertplatz
40%
Schrankenberggasse
40%
Keine übereinstimmenden Quizze gefunden
Verteilung der Resultate
Anzahl Personen mit jedem Resultat
Perzentil nach korrekt beantworteten Fragen
Ihre Resultats-Entwicklung
Sie haben dieses Quiz noch nicht gespielt